000 00615nam a2200229Ia 4500
003 OSt
005 20230329145200.0
008 210423s2007 xx 000 0 und d
020 _a978825030652
040 _cAL
041 _aeng
082 _a332.042 OCAJ
100 _aOCAMPO (Jose Antonio);others,Ed
_979672
245 _aInternational finance and development
260 _aNew Delhi
_bOrient Longman
_c2007
300 _axi,207
_bPB
365 _b440
_cINR
650 _aEconomics
_979673
650 _aFinancial Economics
_979674
906 _adevelopment ; finance ; International
942 _2ddc
_cBK
999 _c156406
_d156406